Multi-Criteria Spanning Tree for Sensor Network Optimization

Snaha načrtnúť riešenie, ako vypočítať optimálny spôsob prepojenia senzorov v senzorovej sieti pomocou niekoľkých kritérií súčasne. Použitie špecifických algoritmov na nájdenie minima preklenovacieho stromu, napríklad Primov algoritmus alebo Kruskalov algoritmus.

Salvato in:
Dettagli Bibliografici
Autore principale: Schmidt, Peter, 1968-
Altri autori: Jurík, Pavol, 1987-
Natura: Capitolo di libro
Lingua:inglese
Soggetti:
Tags: Aggiungi Tag
Nessun Tag, puoi essere il primo ad aggiungerne!!

MARC

LEADER 00000naa$a2200000$$$4500
001 0258568
005 20240502074107.4
041 0 |a eng 
044 |a SK 
245 1 0 |a Multi-Criteria Spanning Tree for Sensor Network Optimization  |c Peter Schmidt, Pavol Jurík 
520 |a Snaha načrtnúť riešenie, ako vypočítať optimálny spôsob prepojenia senzorov v senzorovej sieti pomocou niekoľkých kritérií súčasne. Použitie špecifických algoritmov na nájdenie minima preklenovacieho stromu, napríklad Primov algoritmus alebo Kruskalov algoritmus. 
610 2 0 |a informatika 
610 2 0 |a algoritmy 
610 2 0 |a optimalizácia 
610 2 0 |a digitalizácia 
100 1 |a Schmidt, Peter, 1968- 
700 1 |a Jurík, Pavol, 1987-